| 000 | 00398nam a22001697a 4500 | ||
|---|---|---|---|
| 005 | 20260205142743.0 | ||
| 020 | _a9781032466286 | ||
| 041 | _aEnglish | ||
| 082 | _a361.3 R22 BAI | ||
| 100 | _aBaikady Rajendra | ||
| 245 | _aRoutledge Handbook of Field Work Education Social Work | ||
| 250 | _a01 | ||
| 260 |
_aNew York _bRoutledge _c2022 |
||
| 300 | _a586 | ||
| 365 | _b2495.00 | ||
| 942 | _cBK | ||
| 999 |
_c176518 _d176518 |
||